| 000 | 01321cam a22002295a 4500 | ||
|---|---|---|---|
| 001 | L159264 | ||
| 008 | 130424sy xxk f 001 0 eng d | ||
| 035 | _a(Sirsi) u159264 | ||
| 041 | 0 | _aeng | |
| 050 | 0 | 4 | _a658.404 $2 18 |
| 110 | 2 |
_aDepartment of Finance and Personnel in Northern Ireland _94073 |
|
| 245 | 0 | 0 |
_aProcurement Guidance Notes (PGNs) _h[electronic resource] |
| 260 | _bDFPNI | ||
| 520 | _aCentral Procurement Directorate (CPD) is responsible for disseminating advice and guidance to the Northern Ireland public sector on public procurement policies and for monitoring implementation. CPD does this through the publication of Procurement Guidance Notes (PGNs). | ||
| 520 | _aThese Procurement Guidance Notes are developed in consultation with the Centres of Procurement Expertise (CoPEs). Once endorsed by the Procurement Board, they are issued to Departments and CoPEs and placed on CPD?s website. They are, therefore, the administrative means by which the public sector is advised of procurement policy and best practice developments. | ||
| 521 | _aAdvanced | ||
| 590 | _aKA | ||
| 651 | 4 |
_aNorthern Ireland _y2007- |
|
| 690 |
_aProcurement _96260 |
||
| 856 | 4 | 8 |
_uhttps://www.finance-ni.gov.uk/articles/procurement-guidance-notes-pgns _zView the guidances free at www.dfpni.gov.uk... |
| 942 | _n0 | ||
| 999 |
_c115771 _d115771 |
||